Baby's First Album #2 - Statistics

General Stats
  • This quiz has been taken 4 times
  • The average score is 8 of 20
Answer Stats
Album Artist % Correct
Fresh Cream | 1966 Cream
100%
(Pronounced Leh-nerd Skin-nerd) | 1973 Lynyrd Skynyrd
100%
Spice | 1996 Spice Girls
100%
Are You Experienced | 1967 The Jimi Hendrix Experience
100%
My Generation | 1965 The Who
100%
Tina's Turning the Country On! | 1974 Tina Turner
75%
Frank | 2003 Amy Winehouse
50%
When We All Fall Asleep, Where Do We Go? | 2019 Billie Eilish
50%
She's So Unusual | 1983 Cyndi Lauper
50%
Fresh Fruit for Rotting Vegetables | 1980 Dead Kennedys
25%
Welcome to the Pleasuredome | 1984 Frankie Goes to Hollywood
25%
I Brought You My Bullets, You Brought Me Your Love | 2002 My Chemical Romance
25%
Up All Night | 2011 One Direction
25%
True Romance | 2013 Charli XCX
0%
Speak & Spell | 1981 Depeche Mode
0%
AmeriKKKa's Most Wanted | 1990 Ice Cube
0%
Curb | 1996 Nickelback
0%
An Old Raincoat Won't Ever Let You Down | 1969 Rod Stewart
0%
Children of the future | 1968 Steve Miller Band
0%
Three Imaginary Boys | 1979 The Cure
0%
No matching quizzes found
Score Distribution
Percent of People with Each Score
Percentile by Number Answered
Your Score History
You have not taken this quiz